000 00280nam a22001337a 4500
008 170210b xxu||||| |||| 00| 0 eng d
020 _a0801668786
041 _aeng
080 _25ED
_a61
100 _a4
101 _aSHM
245 _aTHE DIABETIC FOOT
_cLEVIN
942 _2udc
_cBK
999 _c5097
_d5097